Cases in Marketing Management Issues for the 1990s
Salvato in:
| Autore principale: | |
|---|---|
| Altri autori: | , |
| Natura: | Libro |
| Lingua: | inglese |
| Pubblicazione: |
Englewood Cliffs
Prentice-Hall
1992
|
| Edizione: | 2. ed. |
| Soggetti: | |
| Tags: |
Nessun Tag, puoi essere il primo ad aggiungerne!!
|
MARC
| LEADER | 00000nam a2200000 4500 | ||
|---|---|---|---|
| 001 | c001066 | ||
| 005 | 20221221080048.4 | ||
| 020 | |a 0-13-116351-5 | ||
| 041 | 0 | |a eng | |
| 044 | |a US | ||
| 245 | 1 | 0 | |a Cases in Marketing Management |b Issues for the 1990s |c Charles L. Hinkle, Wesley J. Johnston, Esther F. Lanigan |
| 250 | |a 2. ed. | ||
| 264 | 1 | |a Englewood Cliffs |b Prentice-Hall |c 1992 | |
| 300 | |a 650 s. | ||
| 610 | 2 | 0 | |a štúdie prípadové |
| 610 | 2 | 0 | |a marketing |
| 610 | 2 | 0 | |a manažment |
| 610 | 2 | 0 | |a 1990-2000 |
| 610 | 2 | 0 | |a plánovanie strategické |
| 610 | 2 | 0 | |a stratégia podniková |
| 610 | 2 | 0 | |a taktika podniková |
| 610 | 2 | 0 | |a výrobky |
| 610 | 2 | 0 | |a ceny |
| 610 | 2 | 0 | |a reklama |
| 610 | 2 | 0 | |a podnik |
| 610 | 2 | 0 | |a USA |
| 100 | 1 | |a Hinkle, Charles L. | |
| 700 | 1 | |a Johnston, Wesley J. | |
| 700 | 1 | |a Lanigan, Esther F. | |